Loading...
Literature - World Literature | 1 | 5 | 0 | 1 | 65 | 38 | 95.33 | 2 | 4 |
History - World History | 3 | 1 | 0 | 1 | 55 | 27 | 59.25 | 3 | 3 |
Beliefs | 1 | 3 | 0 | 1 | 45 | 64 | 92.25 | 2 | 3 |
Philosophy | 1 | 3 | 1 | 0 | 40 | 43 | 92.75 | 1 | 3 |
History - European History | 1 | 2 | 1 | 0 | 30 | 47 | 71.67 | 2 | 2 |
Social Science | 0 | 3 | 1 | 1 | 25 | 96 | 111.67 | 0 | 0 |
Literature - British Literature | 0 | 1 | 0 | 0 | 10 | 93 | 93.00 | 0 | 1 |
Fine Arts - Other Arts | 0 | 1 | 0 | 0 | 10 | 138 | 138.00 | 0 | 0 |
History - Other History | 0 | 1 | 0 | 0 | 10 | 124 | 124.00 | 0 | 1 |
Literature - American Literature | 0 | 1 | 0 | 0 | 10 | 88 | 88.00 | 1 | 1 |
Literature - European Literature | 0 | 0 | 1 | 0 | -5 | 0.00 | 0 | 0 | |
Visual Arts | 0 | 1 | 3 | 0 | -5 | 121 | 121.00 | 0 | 0 |